| 000 | 00868nam a2200229 i 4500 | ||
|---|---|---|---|
| 001 | 142092 | ||
| 003 | ES-MaACL | ||
| 005 | 20230906200437.0 | ||
| 007 | t| | ||
| 008 | 071002s1975 sp ||||1| spa d | ||
| 130 | 0 |
_aLibro de los doce sabios. _9164600 |
|
| 245 | 1 | 3 |
_aEl libro de los doce sabios _bo Tractado de la nobleza y lealtad [ca. 1237] / _cestudio y edición, John K. Walsh. |
| 260 |
_aMadrid : _bReal Academia Española, _c1975 ( _fImp. Aguirre) |
||
| 300 |
_a178 p. ; _c25 cm. |
||
| 490 | 1 |
_aAnejos del Boletín de la Real Academia Española ; _v39 |
|
| 650 |
_aEducación de príncipes- _vObras anteriores a 1800. _9141555 |
||
| 700 | 1 |
_aWalsh, John K. _9115991 |
|
| 740 | 0 | 2 | _aTractado de la nobleza y lealtad. |
| 830 | 1 |
_aAnejos del Boletín de la Real Academia Española ; _v39 _9180902 |
|
| 852 |
_aES-MaACL _jC-9188 |
||
| 999 |
_c142092 _d142092 |
||